Countries that hosted human zoos or exhibitions - Statistics

General Stats
  • This quiz has been taken 20 times
  • The average score is 12 of 14
Answer Stats
Answer % Correct
France
100%
Germany
100%
United Kingdom
100%
Belgium
95%
Denmark
95%
Italy
95%
Netherlands
95%
Portugal
95%
United States
95%
Spain
89%
Norway
84%
India
79%
Japan
74%
South Africa
37%
No matching quizzes found
Score Distribution
Percent of People with Each Score
Percentile by Number Answered
Your Score History
You have not taken this quiz